History Quiz

Random History Quiz

Name The Year By The Event: 1900's Quiz Stats

 Plays Quiz not verified by Sporcle

Challenge
Share
Tweet
Embed
Score 0/20 Timer 04:00
0 Plays Today
Event Year % Correct
John F. Kennedy Is Assassinated1963
95.3%
U.S. Sends First People To Moon1969
93.3%
The Berlin Wall Is Torn Down1989
93%
Stock Market Crashes-Starts Great Depression1929
92%
Nixon Resigned1974
92%
The Titanic Sinks1912
90.3%
Anne Frank Starts Writing Her Diary1942
86.3%
The Wright Brothers Flew The First Powered Airplane1903
81.9%
Alaska And Hawaii Become States1959
79.3%
United Nations Is Formed1945
76.3%
Event Year % Correct
Fidel Castro Takes Power1959
74.9%
Henry Ford Starts Making The Model T1908
70.9%
Jackie Robinson Enters The MLB1947
66.2%
Mount St. Helens Erupts1980
66.2%
The World Trade Towers Were Built1972
59.2%
Amelia Earhart Goes Missing1937
54.8%
Hubble Telescope Is Launched1990
46.8%
Einstein Publishes His Theories Of Time, Space, And Motion1905
44.8%
Pluto Is Identified As A Planet1930
44.1%
Ghandi Starts Protesting British Rule In India1919
42.5%

You're not logged in!

Compare scores with friends on all Sporcle quizzes.
Join for Free
OR
Log In

You Might Also Like...

Show Comments

Extras

Created Jan 1, 2011ReportNominate
Tags:1900, event

Top Quizzes Today


Score Distribution

Your Account Isn't Verified!

In order to create a playlist on Sporcle, you need to verify the email address you used during registration. Go to your Sporcle Settings to finish the process.

Report this User

Report this user for behavior that violates our Community Guidelines.

Details: